00637cam a22001931 4500001001300000003000400013005001700017008004100034010001700075035002000092040004000112050002000152100002200172245008700194260002500281300003500306600008700341999001500428af 48001654 DLC20260227110850.0911009s1944 it ac 000 0 ita c aaf 48001654  a(OCoLC)24522929 aNew York. Public Libr.cCUdCUdDLC00aDG738.14.B5bM31 aMarinelli, Guido.13aLa bella Venezianab(vita ed amori di Bianca Cappello)cCon 15 illus. fuori testo. aMilano,bEDI,c1944. a241 p.billus., ports.c22 cm.00aBianca,cGrand-Duchess, consort of Francesco I, Grand-Duke of Tuscany,d1548-1587. c4640d4640